Normal view
MARC view
- TALAL,MOHSIN,HASSAN
Entry Personal Name
001 - CONTROL NUMBER
- control field: 72448
003 - CONTROL NUMBER IDENTIFIER
- control field: NUST
005 - DATE AND TIME OF LATEST TRANSACTION
- control field: 20210628204810.0
008 - FIXED-LENGTH DATA ELEMENTS
- fixed length control field: 210628|| aca||aabn | a|a d
040 ## - CATALOGING SOURCE
- Original cataloging agency: NUST
- Transcribing agency: NUST
100 ## - HEADING--PERSONAL NAME
- Personal name: TALAL,MOHSIN,HASSAN
670 ## - SOURCE DATA FOUND
- Source citation: Work cat.: (NUST): TALAL,MOHSIN,HASSAN,, PR-SOF-1182-MYO ELECTRIC PROSTHETIC LIMB, 2012
